<?xml version="1.0" encoding="UTF-8"?>
<collection xmlns="http://www.loc.gov/MARC21/slim">
 <record>
  <leader>02256cam a2200457   4500</leader>
  <controlfield tag="001">162215357X</controlfield>
  <controlfield tag="003">DE-627</controlfield>
  <controlfield tag="005">20210524113337.0</controlfield>
  <controlfield tag="007">tu</controlfield>
  <controlfield tag="008">161205s2016    gw |||||      00| ||ger c</controlfield>
  <datafield tag="020" ind1=" " ind2=" ">
   <subfield code="a">9783000541865</subfield>
   <subfield code="9">978-3-00-054186-5</subfield>
  </datafield>
  <datafield tag="035" ind1=" " ind2=" ">
   <subfield code="a">(DE-627)162215357X</subfield>
  </datafield>
  <datafield tag="035" ind1=" " ind2=" ">
   <subfield code="a">(DE-576)480623457</subfield>
  </datafield>
  <datafield tag="035" ind1=" " ind2=" ">
   <subfield code="a">(DE-599)BSZ480623457</subfield>
  </datafield>
  <datafield tag="035" ind1=" " ind2=" ">
   <subfield code="a">(OCoLC)985609933</subfield>
  </datafield>
  <datafield tag="040" ind1=" " ind2=" ">
   <subfield code="a">DE-627</subfield>
   <subfield code="b">ger</subfield>
   <subfield code="c">DE-627</subfield>
   <subfield code="e">rda</subfield>
  </datafield>
  <datafield tag="041" ind1=" " ind2=" ">
   <subfield code="a">ger</subfield>
  </datafield>
  <datafield tag="044" ind1=" " ind2=" ">
   <subfield code="c">XA-DE-BW</subfield>
  </datafield>
  <datafield tag="245" ind1="1" ind2="4">
   <subfield code="a">Die Martinskirche in Plieningen</subfield>
   <subfield code="b">Geschichte - Ausstattung - Erhaltung</subfield>
   <subfield code="c">Herausgegeben von der Evangelischen Kirchengemeinde Plieningen-Hohenheim ; Redaktion Günter Eckstein, Tilo Schad, Adolf Martin Steiner, Claudia Zesch, Hans-Peter Ziehmann, Thomas Honold-Reichert, Karin Läpple (Lektorat), Till Läpple</subfield>
  </datafield>
  <datafield tag="264" ind1=" " ind2="1">
   <subfield code="a">Plieningen-Hohenheim</subfield>
   <subfield code="b">Evangelische Kirchengemeinde</subfield>
   <subfield code="c">[2016]</subfield>
  </datafield>
  <datafield tag="264" ind1=" " ind2="4">
   <subfield code="c">© 2016</subfield>
  </datafield>
  <datafield tag="300" ind1=" " ind2=" ">
   <subfield code="a">237 Seiten</subfield>
   <subfield code="b">Illustrationen</subfield>
  </datafield>
  <datafield tag="336" ind1=" " ind2=" ">
   <subfield code="a">Text</subfield>
   <subfield code="b">txt</subfield>
   <subfield code="2">rdacontent</subfield>
  </datafield>
  <datafield tag="337" ind1=" " ind2=" ">
   <subfield code="a">ohne Hilfsmittel zu benutzen</subfield>
   <subfield code="b">n</subfield>
   <subfield code="2">rdamedia</subfield>
  </datafield>
  <datafield tag="338" ind1=" " ind2=" ">
   <subfield code="a">Band</subfield>
   <subfield code="b">nc</subfield>
   <subfield code="2">rdacarrier</subfield>
  </datafield>
  <datafield tag="583" ind1="1" ind2=" ">
   <subfield code="a">Archivierung/Langzeitarchivierung gewährleistet</subfield>
   <subfield code="f">PEBW</subfield>
   <subfield code="2">pdager</subfield>
   <subfield code="5">DE-24</subfield>
  </datafield>
  <datafield tag="648" ind1=" " ind2="7">
   <subfield code="2">gnd</subfield>
   <subfield code="a">Geschichte</subfield>
  </datafield>
  <datafield tag="651" ind1=" " ind2="7">
   <subfield code="0">(DE-588)7682964-9</subfield>
   <subfield code="0">(DE-627)708051863</subfield>
   <subfield code="0">(DE-576)312950179</subfield>
   <subfield code="a">Martinskirche</subfield>
   <subfield code="g">Stuttgart</subfield>
   <subfield code="2">gnd</subfield>
  </datafield>
  <datafield tag="700" ind1="1" ind2=" ">
   <subfield code="a">Eckstein, Günter</subfield>
   <subfield code="e">HerausgeberIn</subfield>
   <subfield code="0">(DE-588)1047376970</subfield>
   <subfield code="0">(DE-627)778199851</subfield>
   <subfield code="0">(DE-576)160824370</subfield>
   <subfield code="4">edt</subfield>
  </datafield>
  <datafield tag="700" ind1="1" ind2=" ">
   <subfield code="a">Schad, Tilo</subfield>
   <subfield code="e">HerausgeberIn</subfield>
   <subfield code="4">edt</subfield>
  </datafield>
  <datafield tag="700" ind1="1" ind2=" ">
   <subfield code="a">Steiner, Adolf Martin</subfield>
   <subfield code="d">1937-</subfield>
   <subfield code="e">HerausgeberIn</subfield>
   <subfield code="0">(DE-588)1018101810</subfield>
   <subfield code="0">(DE-627)690515790</subfield>
   <subfield code="0">(DE-576)180955969</subfield>
   <subfield code="4">edt</subfield>
  </datafield>
  <datafield tag="700" ind1="1" ind2=" ">
   <subfield code="a">Zesch, Claudia</subfield>
   <subfield code="e">HerausgeberIn</subfield>
   <subfield code="4">edt</subfield>
  </datafield>
  <datafield tag="700" ind1="1" ind2=" ">
   <subfield code="a">Ziehmann, Hans-Peter</subfield>
   <subfield code="e">HerausgeberIn</subfield>
   <subfield code="4">edt</subfield>
  </datafield>
  <datafield tag="700" ind1="1" ind2=" ">
   <subfield code="a">Honold-Reichert, Thomas</subfield>
   <subfield code="e">HerausgeberIn</subfield>
   <subfield code="0">(DE-627)1255081376</subfield>
   <subfield code="0">(DE-576)185081371</subfield>
   <subfield code="4">edt</subfield>
  </datafield>
  <datafield tag="700" ind1="1" ind2=" ">
   <subfield code="a">Läpple, Karin</subfield>
   <subfield code="e">HerausgeberIn</subfield>
   <subfield code="4">edt</subfield>
  </datafield>
  <datafield tag="700" ind1="1" ind2=" ">
   <subfield code="a">Läpple, Till</subfield>
   <subfield code="e">HerausgeberIn</subfield>
   <subfield code="4">edt</subfield>
  </datafield>
  <datafield tag="710" ind1="2" ind2=" ">
   <subfield code="a">Evangelische Kirchengemeinde</subfield>
   <subfield code="g">Stuttgart-Plieningen</subfield>
   <subfield code="e">Herausgebendes Organ</subfield>
   <subfield code="0">(DE-588)5504169-3</subfield>
   <subfield code="0">(DE-627)324042590</subfield>
   <subfield code="0">(DE-576)197723918</subfield>
   <subfield code="4">isb</subfield>
  </datafield>
  <datafield tag="787" ind1="0" ind2="8">
   <subfield code="i">Rezensiert in</subfield>
   <subfield code="a">Schöne, Anne-Christin</subfield>
   <subfield code="t">[Rezension von: Die Martinskirche in Plieningen]</subfield>
   <subfield code="d">2017</subfield>
   <subfield code="w">(DE-627)156434892X</subfield>
   <subfield code="w">(DE-576)494348925</subfield>
  </datafield>
  <datafield tag="951" ind1=" " ind2=" ">
   <subfield code="a">BO</subfield>
  </datafield>
  <datafield tag="991" ind1=" " ind2=" ">
   <subfield code="a">Rezensiertes Werk</subfield>
  </datafield>
  <datafield tag="999" ind1=" " ind2=" ">
   <subfield code="a">KXP-PPN162215357X</subfield>
   <subfield code="e">4172884342</subfield>
  </datafield>
 </record>
</collection>
